<?xml version="1.0" encoding="UTF-8"?><?xml-stylesheet type="text/xsl" href="static/style.xsl"?><OAI-PMH xmlns="http://www.openarchives.org/OAI/2.0/" xmlns:xsi="http://www.w3.org/2001/XMLSchema-instance" xsi:schemaLocation="http://www.openarchives.org/OAI/2.0/ http://www.openarchives.org/OAI/2.0/OAI-PMH.xsd"><responseDate>2026-04-14T07:51:44Z</responseDate><request verb="GetRecord" identifier="oai:www.recercat.cat:20.500.14342/2522" metadataPrefix="marc">https://recercat.cat/oai/request</request><GetRecord><record><header><identifier>oai:recercat.cat:20.500.14342/2522</identifier><datestamp>2026-01-28T12:59:48Z</datestamp><setSpec>com_2072_482405</setSpec><setSpec>com_2072_183628</setSpec><setSpec>col_2072_482411</setSpec></header><metadata><record xmlns="http://www.loc.gov/MARC21/slim" xmlns:dcterms="http://purl.org/dc/terms/" xmlns:xsi="http://www.w3.org/2001/XMLSchema-instance" xmlns:doc="http://www.lyncode.com/xoai" xsi:schemaLocation="http://www.loc.gov/MARC21/slim http://www.loc.gov/standards/marcxml/schema/MARC21slim.xsd">
   <leader>00925njm 22002777a 4500</leader>
   <datafield ind2=" " ind1=" " tag="042">
      <subfield code="a">dc</subfield>
   </datafield>
   <datafield ind2=" " ind1=" " tag="720">
      <subfield code="a">Riera Romaní, Jordi</subfield>
      <subfield code="e">author</subfield>
   </datafield>
   <datafield ind2=" " ind1=" " tag="720">
      <subfield code="a">Longás Mayayo, Jordi</subfield>
      <subfield code="e">author</subfield>
   </datafield>
   <datafield ind2=" " ind1=" " tag="720">
      <subfield code="a">Querol Duran, Roser de</subfield>
      <subfield code="e">author</subfield>
   </datafield>
   <datafield ind2=" " ind1=" " tag="720">
      <subfield code="a">Díaz-Gibson, Jordi</subfield>
      <subfield code="e">author</subfield>
   </datafield>
   <datafield ind2=" " ind1=" " tag="720">
      <subfield code="a">Carrillo Álvarez, Elena</subfield>
      <subfield code="e">author</subfield>
   </datafield>
   <datafield ind2=" " ind1=" " tag="720">
      <subfield code="a">Cussó Parcerisas, Irene</subfield>
      <subfield code="e">author</subfield>
   </datafield>
   <datafield ind2=" " ind1=" " tag="720">
      <subfield code="a">Longás Mayayo, Eduard</subfield>
      <subfield code="e">author</subfield>
   </datafield>
   <datafield ind2=" " ind1=" " tag="720">
      <subfield code="a">Rodríguez Garcia, Eva</subfield>
      <subfield code="e">author</subfield>
   </datafield>
   <datafield ind2=" " ind1=" " tag="260">
      <subfield code="c">2017-03-21</subfield>
   </datafield>
   <datafield ind2=" " ind1=" " tag="520">
      <subfield code="a">Esta publicación presenta los resultados de una investigación realizada a partir de 30 estudios de casos de jóvenes con éxito educativo que viven situaciones de pobreza relativa y, por ello, algún tipo de hándicap sociocultural. &#xd;
La identificación de factores de éxito en diferentes ámbitos (individual, familiar, escolar y comunitario) permite formular el éxito educativo como un fenómeno multidimensional y, simultáneamente, entender la resiliencia educativa como una respuesta ante la adversidad construida social y comunitariamente a partir de condiciones de posibilidad y factores de apoyo.&#xd;
Los resultados y conclusiones de la investigación permiten alejarse del pre-determinismo que asocia el fracaso escolar con la pobreza infantil y abre puertas a nuevas políticas de apoyo a la educación más allá de la escuela.&#xd;
La investigación y publicación forma parte del proyecto de investigación del grupo PSITIC titulado: Evaluación del impacto de los factores familiares, comunitarios y pedagógicos de las trayectorias de “éxito” escolar de alumnos de secundaria en entornos de pobreza relativa (referencia EDU2012-39497-C04-01) parcialmente financiado por el Ministerio de Economía, Industria y Competitividad.</subfield>
   </datafield>
   <datafield ind1="8" ind2=" " tag="024">
      <subfield code="a">http://hdl.handle.net/20.500.14342/2522</subfield>
   </datafield>
   <datafield tag="653" ind2=" " ind1=" ">
      <subfield code="a">Rendiment escolar</subfield>
   </datafield>
   <datafield tag="653" ind2=" " ind1=" ">
      <subfield code="a">Fracàs escolar</subfield>
   </datafield>
   <datafield tag="653" ind2=" " ind1=" ">
      <subfield code="a">Pobresa</subfield>
   </datafield>
   <datafield tag="653" ind2=" " ind1=" ">
      <subfield code="a">Pobresa infantil</subfield>
   </datafield>
   <datafield ind2="0" ind1="0" tag="245">
      <subfield code="a">Trayectorias de éxito escolar en entornos de pobreza relativa: estudio de casos múltiples</subfield>
   </datafield>
</record></metadata></record></GetRecord></OAI-PMH>